Incubación y cría de pollos /

Guardado en:
Autor Principal: Plot, Alfredo F.
Formato: Libro
Publicado: Buenos Aires : Albatros, 1982
Materias:
Etiquetas: Agregar Etiqueta
Sin Etiquetas, Sea el primero en etiquetar este registro!
LEADER 01053nam a22001935a 4500
001 CEM.cems016076
008 130507s1982##################000#0#####d
005 20210909194732.0
003 CEMS
245 1 0 |a Incubación y cría de pollos /  |c Alfredo F. Plot 
260 |a Buenos Aires :  |b Albatros,  |c 1982 
300 |a 113 p. 
505 0 |a El huevo, teoría y práctica de la incubación -- El huevo -- incubación natural versus incubación aritficial -- Incubación natural -- Incubación artificial -- Incubadoras, distintos tipos -- Descripción de los elementos de las incubadoras más comunes y accesorios -- Práctica de la incubación, preparación de las incubadoras de tipo más corriente -- Máquinas incubadoras comerciales -- La post incubación, criadoras o madres artificiales -- Principios básicos de las criadoras comerciales -- Sexaje de los pollitos 
100 1 |a Plot, Alfredo F. 
082 0 4 |a 636.5 
653 |a Avicultura 
653 |a Incubadoras 
653 |a Aves-incubación 
859 |a CEMS  |b BIB. CEMS - Agricultura  |h 636.5  |i P724  |p A12257.83  |t Ej.1